000 00460nam a22001817a 4500
005 20251108164346.0
008 250721s1992 xx 000 0 ara d
082 1 4 _a398.809565/مزا
100 1 _aمزاهرة، صبحا
245 1 0 _aديوان نبع الكلام /
264 _c1992.
300 _a75ص.
650 1 7 _aالشعر العربي
650 1 7 _aالشعر النبطي
650 1 7 _aالأردن
942 _2ddc
_cBK
999 _c10199
_d10199